Študijný a informačný materiál

Bibliographic Details
New Title:Múzeum
Format: Journal
Language:Slovak
PhysicalDescription:1 čís. 29 cm
Published: Bratislava Zväz slovenských múzeí 1953
ISSN:0027-5263
Subjects:

MARC

LEADER 00000cas a22000001a 4500
001 vtls010302355
003 SK-MaSNL
005 20260228161813.0
008 110810d19531953xo u|p r 0 b0slo
040 |a SNK  |b slo  |c SNK  |e AACR2 
041 0 |a slo 
044 |a xo  |c SK 
072 7 |a 069  |x Múzeá. Muzeológia. Múzejníctvo. Výstavy  |2 konspekt 
080 |a 069  |2 2001 
080 |a 050  |2 2001 
080 |a 069.01  |2 2001 
080 |a (437.6)  |2 2001 
080 |a (051.067)  |2 2001 
245 0 0 |a Študijný a informačný materiál 
260 |a Bratislava  |b Zväz slovenských múzeí  |c 1953 
300 |a 1 čís.  |c 29 cm 
310 |a Periodicita sa nedá určiť 
362 0 |a Roč I, č. 1 (1953) 
500 |a Vych. v Bratislave 
500 |a Red. sa neuvádza 
500 |a Vyd. Zväz slov. múzeí 
500 |a Tlač. rozmnož. rotaprintom v Komun. službách mesta Bratislavy, záv. Tempo 
500 |a Prvé č. 1/1953. V r. 1954 pokračoval od 2/1954 pod názvom Múzeum 
650 0 7 |a múzeá  |2 SNKPH  |9 4119 
650 0 7 |a múzejníctvo  |2 SNKPH  |9 20819 
650 0 7 |a muzeológia  |2 SNKPH  |9 26558 
655 7 |a špecializované časopisy  |2 SNKPH  |9 70509 
785 0 0 |t Múzeum  |x 0027-5263  |w vtls001475647 
910 |a snk 
958 |a OND 
999 |c 6074  |d 8004 
952 |0 0  |1 0  |4 0  |7 0  |8 3  |a SNK  |b SNK  |d 1998-08-12  |i snkČSK 271/58  |l 0  |o snkČSB 1082/1953 D1  |p 17A0156862  |r 2005-01-02 00:00:00  |t [č. 1]  |w 2026-02-21  |y PREZ